| 000 | 00970cam a2200253 4500 | ||
|---|---|---|---|
| 001 | ABS66062 | ||
| 008 | 021024n2002 000 0 eng u | ||
| 035 | _a(Sirsi) u120243 | ||
| 100 | _aEmmerson, H. | ||
| 245 | _aSecurity costs | ||
| 260 | _c2002 | ||
| 490 |
_aEstates Gazette _v(0238) 21 September 2002, 200-201(2) |
||
| 520 | _aThe insurance cover offered by the Pool Reinsurance Co (Pool Re) for terrorism damage. Pool Re will soon be widening its range of terrorist cover, but this may lead to a doubling in the insurance premium. Looks at the implications for tenants, if landlords choose not to, or are unable to insure. Advises that these concerns should be addressed in heads of terms. | ||
| 590 | _aABS | ||
| 650 | _aPOOL RE | ||
| 650 | _aTERRORISM | ||
| 650 | _aINSURANCE COVER | ||
| 650 | _aHEADS OF TERMS | ||
| 650 | _aLANDLORDS | ||
| 650 | _aTENANTS | ||
| 650 | _aPROPERTY-COMMERCIAL PROPERTY | ||
| 690 |
_aInsurance _96249 |
||
| 942 | _n0 | ||
| 999 |
_c71432 _d71432 |
||